El humanismo de Marx

Salvato in:
Dettagli Bibliografici
Autore principale: Mondolfo, Rodolfo
Natura: Libro
Lingua:Undetermined
Pubblicazione: México, Distrito Federal Fondo de Cultura Económica 1964
Soggetti:
Tags: Aggiungi Tag
Nessun Tag, puoi essere il primo ad aggiungerne!!

MARC

LEADER 00000nam a2200000Ia 4500
008 170316s9999 xx 000 0 und d
090 |a 100 M-53h 
100 |a Mondolfo, Rodolfo 
245 |a El humanismo de Marx 
260 |a México, Distrito Federal 
260 |b Fondo de Cultura Económica 
260 |c 1964 
300 |a 125 páginas 
650 |a FILOSOFÍA 
999 |c 17038  |d 17038 
040 |a cru BVZT 
942 |c 15 D  |h 100 M-53h  |2 z